000 00573nam a22001937a 4500
005 20180524134725.0
008 180524b xxu||||| |||| 00| 0 eng d
020 _a978-2-343-02298-7
040 _aBUAC
_cBUC
041 _aFr
100 _aHounsounon-Tolin, Paulin
245 _aTournant utilitariste de l'enseignement supérieur en Afrique
_c/ par Paulin Hounsounon-Tolin
260 _aParis:
_bHarmattan,
_c2014
300 _a168p
_bcouv. en coul.;
_c24 cm
630 _aSciences Sociales
650 _aEnseignement supérieur
650 _aAfrique
942 _cLBA
999 _c57508
_d57508